00634nam a22001697a 450000500170000001000150001702000270003203500140005903700130007308200150008610000190010124501320012026000450025227000660029730000250036350000760038820181231113158.0 aENG-124612 a9780199474424c1195.00 aEN-108144 bDBAD/PUB a344.540465 aSarkar, Aditya aTrouble at the mill:cby Aditya Sarkarbfactory law and the emergence of the labour question in late nineteenth-century bombay/ aNew DelhibOxford University Pressc2018 bNew Delhie110002a2/11 Ground Floor, Ansari Road, Daryaganj, axii,360p.c22cm.(Hb) aIt includes conclusion, select bibliography, index and about the author